| 000 | 02249nam0a2200361 4500 | ||
|---|---|---|---|
| 001 | RU\NLR\bibl\1344043 | ||
| 005 | 20260407195951.0 | ||
| 021 |
_aRU _b2009-2538 _9136 |
||
| 035 | _a(nilc)EL/0000240503 | ||
| 035 | _aRU\KEMEROVO\BIBL\ 6229 | ||
| 035 | _a(NLR Aleph) 001329186 | ||
| 090 |
_a789395 _c789395 |
||
| 100 | _a20090121d2008 |||y0rusy50 ca | ||
| 101 | 0 | _arus | |
| 102 | _aRU | ||
| 105 | _aa ||||||||| | ||
| 106 | _ar | ||
| 200 | 1 |
_aМатериалы восемнадцатой научно-практической конференции по проблемам механики и машиностроения _fпод ред. проф. Дворникова Л. Т. и Живаго Э. Я. |
|
| 210 |
_aНовокузнецк _cСибирский государственный индустриальный университет _d2008 |
||
| 215 |
_a171 с. _cил. _d21 |
||
| 300 | _aВ надзаголовке: Федеральное агентство по образованию, Государственное образовательное учреждение высшего профессионального образования "Сибирский государственный индустриальный университет", Кузбасский научный центр Сибирского отделения Международной Академии Наук Высшей Школы | ||
| 320 | _aБиблиография в конце докладов | ||
| 606 | 1 |
_aМашин и механизмов теория _jСъезды, совещания и т.п. _92086099 _3RU\NLR\auth\661262226 |
|
| 606 | 1 |
_aМашиностроение _jСъезды, совещания и т.п. _91221571 _3RU\NLR\auth\66178864 |
|
| 686 |
_a34 _vLBC/RL _2rubbk |
||
| 686 | _aК4я431 | ||
| 710 | 1 | 2 |
_aНаучно-практическая конференция по проблемам механики и машиностроения _d18 _eНовокузнецк _f2008 _9757937 _3RU\NLR\AUTH\8810130601 |
| 801 | 0 |
_aRU _bКемеровская ОНБ _c20090121 _grcr |
|
| 801 | 1 |
_aRU _bКемеровская ОНБ _c20090121 _2rusmarc |
|
| 801 | 2 |
_aRU _bNLR _c20090320 _grcr |
|
| 942 | _cBOOK | ||
| 980 | _aNB | ||